100-Actor Bacon Puzzle #1 - Statistics

General Stats
  • This quiz has been taken 617 times
  • The average score is 53 of 100
Answer Stats
Actor % Correct
Tom Cruise
96%
Tom Hanks
92%
Leonardo DiCaprio
91%
Johnny Depp
90%
Brad Pitt
87%
Harrison Ford
87%
Keanu Reeves
85%
Clint Eastwood
82%
Jack Black
82%
Al Pacino
79%
Russell Crowe
79%
Christian Bale
78%
Daniel Craig
78%
Jack Nicholson
78%
Margot Robbie
77%
Sean Connery
77%
Meryl Streep
76%
Bill Murray
75%
Jodie Foster
75%
Sigourney Weaver
75%
Adam Sandler
74%
Ben Stiller
73%
Anne Hathaway
72%
Anthony Hopkins
72%
Ryan Gosling
72%
Michael Keaton
71%
Robert Pattinson
71%
Mel Gibson
70%
Lindsay Lohan
69%
Roger Moore
69%
Julianne Moore
68%
Kristen Stewart
67%
Jamie Lee Curtis
65%
Jesse Eisenberg
65%
Hilary Swank
64%
Humphrey Bogart
64%
Michael Douglas
64%
Kathy Bates
63%
Andrew Garfield
61%
Jonah Hill
61%
Mark Wahlberg
61%
Steve Carell
61%
Winona Ryder
60%
Robert Redford
59%
Emma Stone
58%
Joaquin Phoenix
58%
Paul Newman
58%
Orlando Bloom
57%
Barbra Streisand
56%
James Caan
56%
Charlie Sheen
55%
Gene Hackman
55%
Burt Reynolds
54%
Javier Bardem
54%
Kurt Russell
54%
Owen Wilson
53%
Patrick Wilson
52%
Willem Dafoe
50%
Woody Harrelson
50%
Danny Glover
49%
Robin Wright
46%
Katharine Hepburn
45%
Ingrid Bergman
44%
Rick Moranis
44%
Steve Martin
44%
Christopher Walken
43%
Gary Oldman
42%
Laurence Fishburne
42%
Peter Sellers
42%
Sidney Poitier
42%
Marilyn Monroe
41%
Cary Elwes
38%
Faye Dunaway
38%
Cary Grant
37%
Clive Owen
37%
Christian Slater
36%
Daniel Kaluuya
36%
Jon Voight
36%
Brendan Fraser
32%
Roy Scheider
32%
Kelly McGillis
31%
Jared Leto
30%
Kris Kristofferson
29%
Lauren Bacall
29%
Sean Astin
29%
Amanda Seyfried
28%
Michael Clarke Duncan
27%
Robert Shaw
25%
Vera Farmiga
24%
Patricia Arquette
23%
Don Cheadle
21%
Lee Van Cleef
21%
Keke Palmer
19%
Miranda Cosgrove
18%
Robert Duvall
18%
Bob Dylan
15%
Yaphet Kotto
15%
LaKeith Stanfield
13%
Ringo Starr
10%
Sterling Hayden
9%
No matching quizzes found
Score Distribution
Percent of People with Each Score
Percentile by Number Answered
Your Score History
You have not taken this quiz